000
00290nam a2200133Ia 4500
008
221030s9999 xx 000 0 und d
041
_a
English
082
_a
105.23
100
_a
Vivek Sharma/02
245
0
_a
VISUAL BASIC 6.0
260
_a
Jammu
_c
1999
650
_a
Computers
942
_c
TH
999
_c
733
_d
733